Movies Based on Books - Sudden Death - Statistics

General Stats
  • This quiz has been taken 128 times
  • The average score is 4 of 21
Answers on the Grid
Answers color-coded by a green-red scale on the quiz's grid according to % correct below.
Raiders of the Lost Ark
Harry Potter and the Chamber of Secrets
The Big Year
GoldenEye
E.T. the Extra-Terrestrial
Catch Me If You Can
Titanic
Avatar
The Passion of the Christ
Mad Max
Jurassic Park
Night at the Museum
Meet the Fockers
Rat Race
Aladdin
Die Hard
Forrest Gump
Pitch Perfect
Inception
The Omen
Home Alone
The Birds
War Dogs
Superbad
Drillbit Taylor
The Blair Witch Project
12 Years a Slave
The Departed
The Shining
Crocodile Dundee
Good Will Hunting
Jumanji
Barbie
Hancock
The Big Short
Scream
The Mummy
Zathura: A Space Adventure
Good Morning, Vietnam
The Green Mile
Goodfellas
Blade Runner
Along Came Polly
The Exorcist
Minions
 
Answer Stats
Answer % Correct
Harry Potter and the Chamber of Secrets
92%
The Green Mile
33%
The Shining
33%
Aladdin
29%
Jurassic Park
29%
Catch Me If You Can
24%
The Passion of the Christ
20%
12 Years a Slave
18%
Forrest Gump
18%
Blade Runner
17%
The Exorcist
17%
Die Hard
9%
Goodfellas
9%
Jumanji
9%
Night at the Museum
8%
The Big Short
8%
Zathura: A Space Adventure
8%
The Birds
7%
The Big Year
5%
War Dogs
5%
Pitch Perfect
1%
No matching quizzes found
Score Distribution
Percent of People with Each Score
Percentile by Number Answered
Your Score History
You have not taken this quiz